| 000 | 02621nkm0a2200457 4500 | ||
|---|---|---|---|
| 001 | RU\NLR\BIBL_A\012030149 | ||
| 005 | 20260426051030.0 | ||
| 035 | _a(NLR Aleph) 012030149 | ||
| 090 |
_a13690761 _c13690761 |
||
| 100 | _a20260426 rusy50 | ||
| 101 | 0 | _arus | |
| 102 | _aRU | ||
| 116 | _aiiyaxx cb zz | ||
| 135 | _acrcn 024anaba | ||
| 200 | 1 |
_a[Известие 1739 года о двух чудах, лесном и морском, пойманных в Испании] _bИзоматериал _eКопия изгишпанскаго местечка вигоса ... _eЧудо лесное, поимано весною _e[лубок] |
|
| 210 |
_a[Москва _d17--] |
||
| 215 |
_a1 л. _cрезц. грав., офорт _d32,2х39,7 |
||
| 300 | _aОттиск с доски первой половины 18 в. | ||
| 316 |
_aЛист обрезан по рамке _5NLR |
||
| 317 |
_aИз собрания А.В. Олсуфьева _5NLR |
||
| 325 | _aКопия доступна в электронной библиотеке РНБ | ||
| 518 | 1 |
_aИзвестие 1739 года о двух чудах, лесном и морском, пойманных в Испании _eКопия из испанского местечка Вигоса ... _eЧудо лесное, поймано весною |
|
| 606 | 1 |
_aЛубок русский _z18 в. _92397267 _3RU\NLR\AUTH\6601649195 |
|
| 686 | 1 | _aЩ153(2Р=Рус)4-465 | |
| 702 | 1 |
_4730 _7ca _8rus _aОлсуфьев _bА. В. _f1721-1784 _gАдам Васильевич _9206075 _3RU\NLR\AUTH\770206127 |
|
| 712 | 0 | 2 |
_4570 _a"Санкт-Петербургские ведомости", газета _9453679 _3RU\NLR\AUTH\889978554 |
| 830 | _aРовинский Д.А. Русские народные картинки : кн. 1-5. Санкт-Петербург : тип. Акад. наук, 1881. Т. 2. № 309б. М.М. ОЭст | ||
| 852 | 0 | 0 |
_aNLR _bЭ _jОлс/6-1137,1138 _mЭж932 |
| 856 | 0 | _uhttp://vivaldi.nlr.ru/lk000010064/view | |
| 856 | 1 | _uhttp://vivaldi.nlr.ru/lk000010064/cover | |
| 856 | 2 | _uhttp://vivaldi.nlr.ru/lk000010064/text | |
| 942 | _cVISUAL | ||
| 980 | 3 | _akplubok | |
| 980 | 3 | _akp | |
| 980 | _aNB | ||
| 981 | 1 | 7 |
_a(17) Изографические материалы _b(17) Эстампы |